| 000 | 00745cam a2200217 4500 | ||
|---|---|---|---|
| 008 | 070605n20032003sp a 000 0 spa u | ||
| 020 | _a849772156x | ||
| 035 | _a a461119 | ||
| 100 | 1 | _aChico de la Cámara, Pablo. | |
| 245 | 1 | 0 |
_aImpuesto sobre sociedades / _cPablo Chico de la Cámara ;prólogo Dr. D. Luis María Cazorla Prieto. |
| 250 | _a1a ed. | ||
| 260 |
_aMadrid : _bDykinson, _c c2003 |
||
| 300 |
_a160 p. : _bil. ; _c24 cm. |
||
| 440 | 0 |
_aCiencias jurídicas y sociales ; _v4. _pImpuesto sobre sociedades. |
|
| 504 | _aIncluye bibliografías e índice | ||
| 650 | 4 | _aImpuestos | |
| 650 |
_aderecho finanaciero _zEspaña |
||
| 700 | 1 | _aCazorla Prieto, Luis María, prol. | |
| 942 |
_2lcc _LIB |
||
| 999 |
_c112845 _d112845 |
||